000 00332cam a22001217a 4500
008 180718b1962 xxu||||| |||| 00| 0 eng d
082 _aT19x54 Sw25
100 _aSwaroop, Bhagwat
245 _aCo-operation in India
_cby Bhagwat Swaroop
260 _aNew Delhi
_bSuneja Book
_c1962
300 _a398p.
650 _aCo-operation - India
999 _c481820
_d481820